000 00519nam a2200181Ia 4500
001 11588
005 20260306162839.0
008 260306t2012||||xx |||||||||||||| ||spa||
041 _aESP
082 _a985.4
_bL31P
100 _aLavallée, Danièle
_eAUT
245 0 _aPrehistoria de la costa extremo-sur del Perú:
_blos pescadores arcaicos de la Quebrada de los Burros (10000 - 7000 a. P.)
260 _c2012
300 _a478 páginas :
_c29 cm.
650 _aGEN
654 _aCHU
942 _cLIB
_dJUS
_fJUS
_2ddc
_n
999 _c11588
_d11588